Study guide to accompany critical thinking

Includes index

Na minha lista:
Detalhes bibliográficos
Autor principal: Moore, Brooke Noel
Outros Autores: Parker, Richard
Formato: Livro
Idioma:Undetermined
Publicado em: London Mayfield 2001
Assuntos:
Acesso em linha:http://lrc.tdmu.edu.vn/opac/search/detail.asp?aID=2&ID=33384
Tags: Adicionar Tag
Sem tags, seja o primeiro a adicionar uma tag!
Thư viện lưu trữ: Trung tâm Học liệu Trường Đại học Thủ Dầu Một
LEADER 00679nam a2200217Ia 4500
001 TDMU_33384
008 210410s9999 xx 000 0 und d
082 |a 342.7302 
090 |b M433 
100 |a Moore, Brooke Noel 
245 0 |a Study guide to accompany critical thinking 
245 0 |c Brooke Noel Moore, Richard Parker 
260 |a London 
260 |b Mayfield 
260 |c 2001 
300 |a vi, 213 p. 
520 |a Includes index 
650 |a Tư duy phản biện; Critical thinking 
700 |a Parker, Richard 
856 |u http://lrc.tdmu.edu.vn/opac/search/detail.asp?aID=2&ID=33384 
980 |a Trung tâm Học liệu Trường Đại học Thủ Dầu Một